000 01180nam a2200277Ia 4500
999 _c34810
_d34810
001 620
003 GE_BSU
005 20221223115931.0
008 181216s2003||||ge |||||||||||||| ||geo||
020 _a9994017276
040 _cGE_BSU
041 _ageo
080 _a342.7(075.8) კ–87
100 _aკუბლაშვილი, კონსტანტინე
_9197
245 _aძირითადი უფლებები :
_bიურიდიული სახ–ლო /
_cკონსტანტინე კუბლაშვილი ; [რედ.: თამარ ბერიძე].
264 _aთბილისი :
_bჯისიაი,
_c2003.
300 _a353 გვ.;
_b20 სმ.
504 _aბიბლიოგრ.: გვ. 352-356.
541 _h12ლ.
653 _aსამართალი
653 _aძირითადი უფლებები
653 _aსაქართველოს კონსტიტუცია
653 _aსაჯარო სამართალი.
653 _aძირითადი უფლებები საქართველოში
942 _cBK
_2udc